Γεράσιμος Σκλάβος / Αφαίρεση - Τραγικότητα - Μοντερνισμός (Record no. 4244)
[ view plain ]
| 000 -LEADER | |
|---|---|
| fixed length control field | 02427cam a22002054a 4500 |
| 005 - ΗΜΕΡΟΜΗΝΙΑ ΚΑΙ ΩΡΑ ΤΕΛΕΥΤΑΙΑΣ ΕΝΗΜΕΡΩΣΗΣ | |
| Πεδίο ελέγχου | 20250605164140.0 |
| 008 - FIXED-LENGTH DATA ELEMENTS--GENERAL INFORMATION | |
| Πεδίο ελέγχου σταθερού μήκους | 250528s ||||||||||||||||||||||||d |
| 035 ## - SYSTEM CONTROL NUMBER | |
| System control number | 18947 |
| 020 ## - ISBN | |
| ISBN | 9607601106 |
| 040 ## - ΠΗΓΗ ΚΑΤΑΛΟΓΟΓΡΑΦΗΣΗΣ | |
| Φορέας πρωτότυπης καταλογογράφησης | MC Athens Campus Library |
| Γλώσσα καταλογογράφησης | Ελληνικά, Μοντέρνα (1453-) |
| Modifying agency | MC Athens Campus Library |
| Κανόνες περιγραφικής καταλογογράφησης | AACR2 |
| 245 1# - ΤΙΤΛΟΣ ΚΑΙ ΔΗΛΩΣΗ ΥΠΕΥΘΥΝΟΤΗΤΑΣ | |
| Τίτλος | Γεράσιμος Σκλάβος / Αφαίρεση - Τραγικότητα - Μοντερνισμός |
| 260 ## - PUBLICATION, DISTRIBUTION, ETC. | |
| Name of publisher, distributor, etc. | Παρουσία |
| 300 ## - PHYSICAL DESCRIPTION | |
| Extent | 232 |
| 505 0# - FORMATTED CONTENTS NOTE | |
| Formatted contents note | Πρόλογος, Βιογραφικά Στοιχεία - Η Διαμόρφωση της Θεώρησης του Κόσμου του Σκλάβου, Αισθητική και Ιδεολόγια, Η Αφαίρεση και η Τραγική Θεώρηση, Τα Όρια της Τραγικής Θεώρησης, Ο Σκλάβος και η Ελληνική Πρωτοπορία του Παρισιού, Ο Σκλάβος και η Ελληνική Πρωτοπορία του Παρισιού, Ο Σκλάβος και η Τεχνική, Η Κοινωνική Διάσταση της Αφαίρεσης, Τα Ιστορικά Όρια της Ουτοπίας, Η Διαλεκτική της Τραγικότητας ή η Τραγικότητα της Διαλεκτικής, Προς μία Εμμενή Αρνητικότητα, Ο Σκλάβος και τα Επτάνησα και ο Μοντερνισμός, Επίλογος. |
| 520 ## - SUMMARY, ETC. | |
| Summary, etc. | Πρόλογος, Βιογραφικά Στοιχεία - Η Διαμόρφωση της Θεώρησης του Κόσμου του Σκλάβου, Αισθητική και Ιδεολόγια, Η Αφαίρεση και η Τραγική Θεώρηση, Τα Όρια της Τραγικής Θεώρησης, Ο Σκλάβος και η Ελληνική Πρωτοπορία του Παρισιού, Ο Σκλάβος και η Ελληνική Πρωτοπορία του Παρισιού, Ο Σκλάβος και η Τεχνική, Η Κοινωνική Διάσταση της Αφαίρεσης, Τα Ιστορικά Όρια της Ουτοπίας, Η Διαλεκτική της Τραγικότητας ή η Τραγικότητα της Διαλεκτικής, Προς μία Εμμενή Αρνητικότητα, Ο Σκλάβος και τα Επτάνησα και ο Μοντερνισμός, Επίλογος. |
| 700 1# - ΠΡΟΣΘΕΤΗ ΑΝΑΓΡΑΦΗ--ΦΥΣΙΚΟ ΠΡΟΣΩΠΟ | |
| Personal name | Φιοραβάντες Βασίλης |
| 9 (RLIN) | 5230 |
| 942 ## - ADDED ENTRY ELEMENTS (KOHA) | |
| Koha item type | Books |
| Τύπος τεκμηρίου | Βιβλιοθήκη | Τρέχουσα τοποθεσία | Barcode | Αριθμός εισαγωγής | Ημερομηνία απόκτησης | Ταξιθετικό σύμβολο | Αριθμός αντιτύπου | Κατάσταση απόσυρσης | Κατάσταση χαμένου | Κατάσταση κατεστραμμένου | Μη δανεισμός | Σύνολο δανεισμών | Ημερομηνία τελευταίας εμφάνισης | Η τιμή ισχύει από |
|---|---|---|---|---|---|---|---|---|---|---|---|---|---|---|
| Books | MC Athens Campus Library | MC Athens Campus Library | 9780000042439 | 3880 | 05/06/2025 | 730.92 FIO | 1 | 05/06/2025 | 05/06/2025 |